000 01903nam a2200349 a 4500
001 BRCA_2504
005 20190320203836.0
008 241108s1857----sp-a---###---#000-0dspa-u
041 _aspa
044 _asp
084 _a144
_b.P58
_c1857
100 1 _aCervantes Saavedra, Miguel de
_d1547-1616
_9213
245 1 0 _aEl Ingenioso Hidalgo Don Quijote de la Mancha
_ccompuesto por Miguel de Cervantes Saavedra.
260 _aMadrid : Barcelona
_bLibreria española el plus ultra
_c1857
300 _a2 v.
_bil.
_c20 cm.
500 _aContenido : v 1. Primera parte. Noticia sobre la vida y obra de Cervantes por L. Viardot. Dedicatoria del autor. Prólogo del autor. Versos preliminares. texto. -- v 2. Segunda parte. Dedicatoria del autor. Dedicatoria del autor. Prólogo del autor. Texto
500 _aEdición : Ilustrada con las notas de Pellicer, Clemencín y otros
500 _aEl tomo I va precedido de Noticia sobre la Vida y escritos de Cervantes, compilada por L. Viardot. Imprenta de Luis Tasso. Los dibujos son copia de los de Tony Johannot, toscamente grabados por Martínez. Edición económica. Semipiel; lomeras decoradas con letras y filetes dorados Lúdovik Osterc
500 _aEstado físico : Primeras hojas del volumen 2 a punto de desprenderse
500 _aQM144
650 1 4 _aNovela española
_yÉpoca clásica, 1500-1700
_9215
650 1 4 _aLiteratura española
_yÉpoca clásica, 1500-1700
_9216
650 1 4 _aNovela española
_ySiglo XVII
_9217
650 1 4 _aDon Quijote (Personaje ficticio)
_eNovela
_9218
700 1 _aPellicer y Pilares, Juan Antonio
_d1738-1806
_eBiógrafo
_97203
700 1 _aClemencín y Viñas, Diego
_d1785-1834
_eAnotador
_97204
700 1 _aViardot, Louis
_d1800-1883
_eBiógrafo
_97205
700 1 _aJohannot, Tony
_d1803-1852
_eIlustrador
_97206
740 0 _aEl Ingenioso Hidalgo Don Quijote de la Mancha
902 _aQFM
942 _2lcc
_cB
999 _c2245
_d2245